000 00492nam a2200169Ia 4500
008 230917s9999||||xx |||||||||||||| ||und||
020 _cRS5100
040 _e222825
_aMAIN
041 _aEnglish
082 _a891.431721 SR19:SS
100 _aनई दिल्ली
245 0 _a309561 रधुवीर सहाय रचनावली 5खण्ड
250 _a2013 ed.
260 _a586 पृ.
500 _a1835 14/01/2015 RAJKAMAL6917 24/01/2015 Main Budget
942 _cBK
999 _c13684
_d13684